000 00752nab a2200241 u 4500
001 13695
003 HDC
007 cr bn ---aaaaa
008 210213c mydr|nes 0 a may d
040 _aHDC
245 0 _aKenali madu Kira Haq
260 _aMalaysia:
_bUtusan Malaysia,
_c2015
336 _atext
_2rdacontent
337 _acomputer
_2rdamedia
338 _aonline resource
_2rdacarrier
650 _aagriculture product
_99915
650 _afood manufacturing
_96301
710 _aUtusan Malaysia
856 _zRequest full-text at [email protected]
942 _2lcc
942 _cNEWS
942 _kNSWC 004515
999 _c11011
_d11011